000
00326nam a2200133Ia 4500
008
150201s2014 xx 000 0 und d
082
_a
617.6
_b
H2007P
100
_a
PARBHU ,S.R
245
_a
HIV & AIDS IN DENTAL PRACTICE
250
_a
1ST
260
_b
DCI-INDIA PUBLICATION
650
_a
GENERAL DENTISTRY
942
_2
ddc
_c
BK
999
_c
4902
_d
4902